000 00890nam a2200277Ia 4500
003 OSt
005 20220926004926.0
006 a|||||r|||| 00| 0
007 ta
008 220923b |||||||| |||| 00| 0 eng d
020 _a9781412929134
_c1333.47
037 _b60, 14/05/2009, Bharatiya Sahitya Bhavana
_cGeneral Book
040 _aRTL
_cRTL
_beng
041 _2eng
_aeng
082 _aU:(Eb4), P7
100 _aClough Peter
_9309505
245 0 _aStudent's guide to methodology
_b Justifying enquiry
250 _a2nd
260 _a New Delhi
_bSage India
_c2007
300 _axvii, 254p.
_ccm.
500 _aBibliogrphy P 244-50
650 _aResearch Methodology
_9237789
700 _a Nutbrown Cathy
_9309506
942 _hU:(Eb4), P7
_cGB
_2CC
999 _c612630
_d612630